| 000 | 00569nam a22002177a 4500 | ||
|---|---|---|---|
| 003 | OSt | ||
| 005 | 20140311162959.0 | ||
| 008 | 130205t xxu||||| |||| 00| 0 eng d | ||
| 020 | _a9789712356469 | ||
| 050 |
_aHF 5635 _b.N576 2010 |
||
| 100 | _aNg, Mark francis G. | ||
| 245 |
_aQuantitative methods in accounting : _ba modular approach / _cMark Francis G. Ng |
||
| 260 |
_aManila ; _bRex Book Store, _c2010. |
||
| 300 |
_a217 p. : _c23 cm. |
||
| 521 | _aBSA | ||
| 562 | _e3 | ||
| 942 |
_2lcc _cBK _kLOC |
||
| 999 |
_c39139 _d39139 |
||